00673nam a22001937a 450000500170000001000130001702000110003003500130004103700160005404000120007008200160008210000240009824501840012226000480030627000500035430000200040465000360042465000190046020170124110017.0 aA-386819 c111.00 aA-386819 bCen Lib/Ret aDPLbEN a336.24bLAK aLakhotia, Ram Niwas aTax Planning of prequisites and investment for employees :bincorporate amendments by the direct tax laws (amendment) act, 1989 and the finance act, 1989 /cby Ram Niwas Lakhotia  aNew DelhibAsha Publishing House c1989 aS-228, Greater Kailash-II bNew Delhie110048 a222p.c20cm(Hb) aEconomic--Prequisites planning  aPublic Finance